Μια γυναίκα χωρίς όνομα
Αποθηκεύτηκε σε:
| Κύριος συγγραφέας: | |
|---|---|
| Μορφή: | Βιβλίο |
| Γλώσσα: | Greek Turkish |
| Δημοσίευση: |
Αθήνα :
Ωκεανίδα,
c1993.
|
| Θέματα: | |
| Ετικέτες: |
Προσθήκη ετικέτας
Δεν υπάρχουν, Καταχωρήστε ετικέτα πρώτοι!
|
MARC
| LEADER | 00000nam a2200000 a 4500 | ||
|---|---|---|---|
| 001 | 1/127772 | ||
| 008 | 231130s1994####gr | ||| |||| ||gre|| | ||
| 020 | |a 9607213610 | ||
| 040 | |a GR-MyUa |b gre |c GR-MyUa |e AACR2 | ||
| 041 | 1 | |a gre |h tur | |
| 082 | 7 | |a 894.353 |2 (23) | |
| 100 | 1 | |a Asena, Duygu, |d 1946-2006. | |
| 245 | 1 | 0 | |a Μια γυναίκα χωρίς όνομα / |c Ντουϊγκού Ασένα ; μετάφραση Στέλλα Βρετού-Σοφιανίδου. |
| 260 | |a Αθήνα : |b Ωκεανίδα, |c c1993. | ||
| 300 | |a 265 σ. ; |c 21 εκ. | ||
| 500 | |a Τίτλος πρωτοτύπου: Kadinin adi yok. | ||
| 650 | 0 | |a Turkish fiction | |
| 852 | |a INST |b LESVOS |e 20231130 |h 894.353 ASE |p 005100065593 |q 005100065593 |t BK |y 0 | ||
| 970 | |a Καμάτσου |b Δέσποινα |z 30-11-2023 | ||